000 00748nam a22002177a 4500
003 UA-OsUOA
001 96396
007 ta
008 20130319b un ||||| |||| 00| 0 ukr d
100 _aМаркович Г.Б.
090 _a330
_bМ26
942 _cSA
040 _aUA-OsUOA
_bukr
_cUA-OsUOA
_dUA-OsUOA
245 _aПріоритетні напрями вдосконалення методологічних засад щодо запровадження програмно-цільового методу на місцевому рівні
300 _aС.43-54
955 _a0
041 _aukr
080 _a330
773 0 _w96391
_tФінанси України
_dК.
_d2012
_g9
650 7 _a330 Економіка взагалі
_2UDC
999 _c382656
_d382656